UK Prime Ministers Quiz - Statistics

General Stats
  • This quiz has been taken 385 times
    141 since last reset
  • The average score is 39 of 80
Answer Stats
Dates Prime Minister % Correct
1979-1990 Margaret Thatcher
95%
1940-1945 Winston Churchill
93%
1951-1955 Winston Churchill
93%
2019-2022 Boris Johnson
91%
2022 Liz Truss
91%
1997-2007 Tony Blair
91%
2010-2016 David Cameron
89%
2007-2010 Gordon Brown
89%
2022-2024 Rishi Sunak
89%
2024-Present Keir Starmer
88%
2016-2019 Theresa May
88%
1990-1997 John Major
85%
1945-1951 Clement Attlee
80%
1970-1974 Edward Heath
80%
1976-1979 James Callaghan
78%
1955-1957 Anthony Eden
77%
1964-1970 Harold Wilson
77%
1974-1976 Harold Wilson
77%
1937-1940 Neville Chamberlain
76%
1868 Benjamin Disraeli
74%
1874-1880 Benjamin Disraeli
74%
1766-1768 William Pitt the Elder
73%
1783-1801 William Pitt the Younger
73%
1804-1806 William Pitt the Younger
73%
1957-1963 Harold Macmillan
69%
1834-1835 Robert Peel
65%
1841-1846 Robert Peel
65%
1721-1742 Robert Walpole
65%
1868-1874 William Ewart Gladstone
64%
1880-1885 William Ewart Gladstone
64%
1886 William Ewart Gladstone
64%
1892-1894 William Ewart Gladstone
64%
1916-1922 David Lloyd George
63%
1963-1964 Alec Douglas-Home
61%
1923-1924 Stanley Baldwin
60%
1924-1929 Stanley Baldwin
60%
1935-1937 Stanley Baldwin
60%
1924 Ramsay MacDonald
58%
1929-1935 Ramsay MacDonald
58%
1828-1830 Arthur Wellesley
49%
1834 Arthur Wellesley
49%
1908-1916 H. H. Asquith
47%
1830-1834 Charles Grey
45%
1902-1905 Arthur Balfour
44%
1922-1923 Bonar Law
44%
1770-1782 Frederick North
40%
1865-1866 John Russell
40%
1846-1852 Lord John Russell
40%
1827 George Canning
35%
1905-1908 Henry Campbell-Bannerman
35%
1743-1754 Henry Pelham
35%
1809-1812 Spencer Perceval
31%
1763-1765 George Grenville
27%
1806-1807 William Grenville
27%
1852-1855 George Hamilton-Gordon
23%
1801-1804 Henry Addington
23%
1756-1757 William Cavendish
20%
1742-1743 Spencer Compton
19%
1834 William Lamb
17%
1835-1841 William Lamb
17%
1894-1895 Archibald Primrose
16%
1852 Edward Smith-Stanley
16%
1858-1859 Edward Smith-Stanley
16%
1866-1868 Edward Smith-Stanley
16%
1762-1763 John Stuart
16%
1885-1886 Robert Gascoyne-Cecil
16%
1886-1892 Robert Gascoyne-Cecil
16%
1895-1902 Robert Gascoyne-Cecil
16%
1754-1756 Thomas Pelham-Holles
14%
1757-1762 Thomas Pelham-Holles
14%
1855-1858 Henry John Temple
13%
1859-1865 Henry John Temple
13%
1812-1827 Robert Jenkinson
13%
1783 William Cavendish-Bentinck
13%
1807-1809 William Cavendish-Bentinck
13%
1768-1770 Augustus FitzRoy
10%
1765-1766 Charles Watson-Wentworth
10%
1782 Charles Watson-Wentworth
10%
1782-1783 William Petty
10%
1827-1828 Frederick John Robinson
9%
No matching quizzes found
Score Distribution
Percent of People with Each Score
Percentile by Number Answered
Your Score History
You have not taken this quiz since the last reset